Statistics for Kpop groups

Click here to take the quiz!

General Stats

  • This quiz has been taken 257 times
  • The average score is 54 of 152

Answer Stats

Answer% Correct
BTS
99%
BLACKPINK
93%
StrayKids
92%
TWICE
92%
ITZY
88%
TXT
87%
EXO
85%
ATEEZ
83%
ENHYPEN
83%
Girls' Generation
82%
SEVENTEEN
81%
B.I.G.
80%
(G)-Idle
80%
AESPA
79%
NCT
79%
Red Velvet
79%
BIGBANG
78%
MAMAMOO
77%
SHINee
70%
MONSTA X
69%
2NE1
68%
GOT7
68%
IZ*ONE
68%
iKON
64%
Super Junior
64%
TREASURE
64%
ASTRO
62%
LOONA
62%
EVERGLOW
60%
Momoland
60%
2PM
59%
GFRIEND
58%
PENTAGON
58%
The Boyz
57%
Apink
56%
BTOB
56%
DREAMCATCHER
55%
CLC
54%
DAY6
54%
WINNER
53%
2AM
52%
AOA
51%
Kep1er
51%
STAYC
51%
F(X)
50%
ONEUS
49%
WANNA ONE
49%
Fromis_9
48%
NCT DREAM
46%
P1HARMONY
46%
SuperM
46%
KARD
45%
NCT 127
45%
WayV
45%
4minute
44%
CRAVITY
43%
TVXQ
43%
Block B
42%
SISTAR
42%
NU'EST
41%
Oh My Girl
41%
SF9
41%
VIXX
40%
WJSN
40%
CHERRY BULLET
39%
B.A.P.
38%
CIX
37%
H.O.T.
37%
The Rose
37%
WEEEKLY
37%
T-Ara
36%
AB6IX
35%
EXID
34%
Xdinary Heroes
34%
Brave Girls
33%
VICTON
33%
Weki Meki
32%
INFINITE
31%
S.E.S.
31%
A.C.E
29%
Pristin
28%
MCND
26%
SHINHWA
25%
APRIL
24%
Golden Child
24%
KINGDOM
24%
ONEWE
24%
Rocket Punch
23%
Brown Eyed Girls
22%
OMEGA X
22%
TEMPEST
22%
UP10TION
21%
HIGHLIGHT
20%
N.Flying
20%
OnlyOneOf
20%
TRI.BE
20%
B1A4
19%
CNBLUE
18%
EPEX
18%
Secret Number
18%
WEi
18%
Woo!ah!
18%
CIGNATURE
17%
DRIPPIN
17%
LIGHTSUM
17%
MIRAE
17%
U-KISS
17%
V.A.V.
17%
E'LAST
16%
FT Island
16%
ONF
16%
TO1
16%
VERIVERY
15%
g.o.d.
14%
GHOST9
13%
ZE:A
13%
DKB
12%
DKZ
12%
KNK
12%
BVNDIT
10%
DREAMNOTE
10%
BLITZERS
9%
LABOUM
9%
UNIQ
9%
BAE173
8%
CIIPHER
8%
VANNER
8%
HOT ISSUE
7%
NOIR
7%
Sechskies
7%
SS501
7%
T1419
7%
TRENDZ
7%
1THE9
6%
LUCY
6%
LUNARSOLAR
6%
TURBO
5%
IMFACT
4%
LUMINOUS
4%
IN2IT
3%
MADTOWN
3%
TARGET
3%
BDC
2%
BLACK6IX
2%
Seven O'clock
2%
UNVS
2%
Hoppipolla
1%
LA POEM
1%
PLT
1%
JBJ95
0%
N.cus
0%
Royal Pirates
0%

Score Distribution

Percentile by Number Answered

Percent of People with Each Score

Your Score History

You have not taken this quiz